Revive us again : The reawkening of American fundamentalism (Record no. 12079)
[ view plain ]
| 000 -LEADER | |
|---|---|
| fixed length control field | 00422nam a2200169Ia 4500 |
| 001 - CONTROL NUMBER | |
| control field | 11172 |
| 008 - FIXED-LENGTH DATA ELEMENTS--GENERAL INFORMATION | |
| fixed length control field | 140331s9999 xx 000 0 und d |
| 020 ## - INTERNATIONAL STANDARD BOOK NUMBER | |
| International Standard Book Number | 0-19-505790-2 |
| 040 ## - CATALOGING SOURCE | |
| Transcribing agency | PK-LaUMT |
| 082 ## - DEWEY DECIMAL CLASSIFICATION NUMBER | |
| Classification number | 277 |
| Item number | CAR-R |
| 100 ## - MAIN ENTRY--PERSONAL NAME | |
| Personal name | Carpenter, Joel A. |
| 245 ## - TITLE STATEMENT | |
| Title | Revive us again : The reawkening of American fundamentalism |
| Statement of responsibility, etc | Carpenter, Joel A. |
| 260 ## - PUBLICATION, DISTRIBUTION, ETC. (IMPRINT) | |
| Date of publication, distribution, etc | 1997 |
| 300 ## - PHYSICAL DESCRIPTION | |
| Extent | 335 p. |
| 546 ## - LANGUAGE NOTE | |
| Language note | EN |
| 942 ## - ADDED ENTRY ELEMENTS (KOHA) | |
| Koha item type | Books |
| Withdrawn status | Lost status | Damaged status | Not for loan | Home library | Current library | Date acquired | Total Checkouts | Full call number | Barcode | Date last seen | Price effective from | Koha item type |
|---|---|---|---|---|---|---|---|---|---|---|---|---|
| UMT Main Campus | UMT Main Campus | 2014-03-31 | 277 CAR-R | 12607 | 2014-04-21 | 2014-04-21 | Books |
